[Event "Wch Seniors (Women) 24th"]
[Site "Katerini"]
[Date "2014.10.29"]
[Round "6"]
[White "Kasoshvili, Tsiala"]
[Black "Priedite, Ingrida"]
[Result "1/2-1/2"]
[WhiteElo "2161"]
[BlackElo "2225"]
[PlyCount "53"]
[EventDate "2014.10.24"]
[EventType "swiss"]
[EventRounds "11"]
[EventCountry "GRE"]
[SourceTitle "EXT 2015"]
[Source "ChessBase"]
[SourceDate "2014.11.20"]
[SourceVersion "1"]
[SourceVersionDate "2014.11.20"]
[SourceQuality "1"]

1. d4 Nf6 2. Nf3 e6 3. g3 b6 4. Bg2 Bb7 5. c4 Be7 6. Nc3 0-0 7. Qc2 d5 8. Ne5 Na6 9. 0-0 c5 10. dxc5 Bxc5 11. Rd1 Qe7 12. Qa4 Bd6 13. Nc6 Bxc6 14. Qxc6 Rac8 15. Qb5 Nc7 16. Qa4 dxc4 17. Qxa7 Bc5 18. h3 b5 19. Qb7 Rb8 20. Qf3 Ncd5 21. Bg5 Nxc3 22. Qxc3 h6 23. Bf4 Rbd8 24. Be5 Rxd1+ 25. Rxd1 Rd8 26. Rxd8+ Qxd8 27. Bxf6 1/2-1/2

[Event "Wch Seniors (Women) 24th"]
[Site "Katerini"]
[Date "2014.10.28"]
[Round "5"]
[White "Mednikova, Svetlana"]
[Black "Kasoshvili, Tsiala"]
[Result "1/2-1/2"]
[WhiteElo "2154"]
[BlackElo "2161"]
[PlyCount "125"]
[EventDate "2014.10.24"]
[EventType "swiss"]
[EventRounds "11"]
[EventCountry "GRE"]
[SourceTitle "EXT 2015"]
[Source "ChessBase"]
[SourceDate "2014.11.20"]
[SourceVersion "1"]
[SourceVersionDate "2014.11.20"]
[SourceQuality "1"]

1. e4 c6 2. d4 d5 3. Nd2 g6 4. c3 Bg7 5. Bd3 Nd7 6. Ngf3 dxe4 7. Nxe4 Ngf6 8. Nxf6+ Nxf6 9. 0-0 0-0 10. Ne5 Be6 11. Re1 Qd6 12. Qe2 Rfe8 13. Bg5 Rad8 14. Rad1 Qc7 15. Bh4 Qa5 16. Bc4 Bd5 17. b4 Qc7 18. Bd3 Be6 19. Qc2 Qc8 20. Bg5 Bf5 21. Bxf5 Qxf5 22. Qxf5 gxf5 23. f3 Nd5 24. Bd2 f6 25. Nc4 e5 26. Ne3 f4 27. Nf5 Bf8 28. a3 b5 29. g3 fxg3 30. hxg3 Nb6 31. Kg2 Nc4 32. Bc1 a5 33. dxe5 Rxd1 34. Rxd1 Rxe5 35. g4 Re2+ 36. Kg3 Rc2 37. Bh6 Bxh6 38. Nxh6+ Kf8 39. Rd7 Ne5 40. Rd6 Rxc3 41. Rxf6+ Ke7 42. g5 Rxa3 43. bxa5 b4 44. Ng4 Rxa5 45. Nxe5 Rxe5 46. Rxc6 Rxg5+ 47. Kf4 Rb5 48. Rh6 b3 49. Rxh7+ Kd6 50. Rh1 b2 51. Rb1 Kd5 52. Ke3 Kc4 53. f4 Kc3 54. Ke4 Kc2 55. Rxb2+ Rxb2 56. f5 Kc3 57. f6 Re2+ 58. Kd5 Kd3 59. f7 Rf2 60. Ke6 Kd4 61. Ke7 Re2+ 62. Kd7 Rf2 63. Ke7 1/2-1/2

[Event "GEO-chT Club"]
[Site "Ureki"]
[Date "2014.10.02"]
[Round "6.2"]
[White "Imnadze, Nato"]
[Black "Kasoshvili, Tsiala"]
[Result "1-0"]
[WhiteElo "2082"]
[BlackElo "2161"]
[PlyCount "97"]
[EventDate "2014.09.27"]
[EventType "team-tourn"]
[EventRounds "7"]
[EventCountry "GEO"]
[SourceTitle "CBM 162 Extra"]
[Source "ChessBase"]
[SourceDate "2014.10.17"]
[SourceVersion "1"]
[SourceVersionDate "2014.10.17"]
[SourceQuality "1"]
[WhiteTeam "Guria"]
[BlackTeam "Gori"]
[WhiteTeamCountry "GEO"]
[BlackTeamCountry "GEO"]

1. e4 c6 2. d4 d5 3. Nd2 g6 4. c3 dxe4 5. Nxe4 Nd7 6. Bc4 Nb6 7. Bb3 Bg7 8. Nf3 Nd5 9. 0-0 Bf5 10. Ng3 Bg4 11. h3 Bxf3 12. Qxf3 Ngf6 13. Re1 0-0 14. h4 Re8 15. h5 Qd7 16. Bg5 Rac8 17. Rad1 b5 18. Re2 Rc7 19. Rde1 e6 20. hxg6 hxg6 21. Ne4 Nh7 22. Bh4 Rcc8 23. Bc2 Ne7 24. Nc5 Qd5 25. Nxe6 Qxf3 26. gxf3 Nd5 27. Nxg7 Rxe2 28. Rxe2 Kxg7 29. Bb3 Rc7 30. Bg3 Rd7 31. a4 a6 32. Re8 Ng5 33. Kg2 Rb7 34. a5 Ra7 35. Bd6 Ne6 36. Be5+ Kh6 37. Bxd5 cxd5 38. f4 g5 39. f5 Nf4+ 40. Kf3 f6 41. Bxf6 Nh3 42. Kg3 Ng1 43. Kg4 Ne2 44. Rh8+ Rh7 45. Bxg5+ Kg7 46. Rxh7+ Kxh7 47. Kf3 Ng1+ 48. Kg2 Ne2 49. Kf1 1-0

[Event "GEO-chT Club"]
[Site "Ureki"]
[Date "2014.09.29"]
[Round "3.2"]
[White "Kasoshvili, Tsiala"]
[Black "Gvetadze, Sofio"]
[Result "0-1"]
[WhiteElo "2161"]
[BlackElo "2361"]
[PlyCount "156"]
[EventDate "2014.09.27"]
[EventType "team-tourn"]
[EventRounds "7"]
[EventCountry "GEO"]
[SourceTitle "CBM 162 Extra"]
[Source "ChessBase"]
[SourceDate "2014.10.17"]
[SourceVersion "1"]
[SourceVersionDate "2014.10.17"]
[SourceQuality "1"]
[WhiteTeam "Gori"]
[BlackTeam "Tbilisi"]
[WhiteTeamCountry "GEO"]
[BlackTeamCountry "GEO"]

1. d4 Nf6 2. Nf3 c5 3. c4 e6 4. g3 d5 5. Bg2 Nc6 6. cxd5 exd5 7. Nc3 Be7 8. 0-0 0-0 9. dxc5 Bxc5 10. Bg5 d4 11. Ne4 Be7 12. Nxf6+ Bxf6 13. Bxf6 Qxf6 14. Qb3 Re8 15. Rfe1 Bg4 16. Rad1 Re7 17. Rd2 Rae8 18. a3 h6 19. Qd5 Rd7 20. Qb3 Be6 21. Qa4 Red8 22. Red1 Bd5 23. Bh3 Be6 24. Bg2 a6 25. Ne1 Bd5 26. Bxd5 Rxd5 27. Qb3 R8d7 28. Nd3 h5 29. Nf4 Rb5 30. Qf3 g6 31. Kg2 Kg7 32. e3 Rb3 33. Qe2 Rb5 34. Qc4 Ne5 35. Qc8 Rd8 36. Qc7 Rd7 37. Qc2 d3 38. Qc3 Kh7 39. h4 Rb6 40. f3 Rc6 41. Qb3 Rc5 42. e4 Rdc7 43. Rf2 Rb5 44. Qa4 Nc4 45. e5 Qxe5 46. Nxd3 Qd4 47. Kh2 Rd7 48. Re2 Rbd5 49. Nf2 Qc5 50. Qxd7 Rxd7 51. Rxd7 Ne5 52. Rxb7 Nxf3+ 53. Kg2 Qd5 54. Ree7 Nxh4+ 55. Kf1 Qg2+ 56. Ke2 Nf5 57. Rxf7+ Kh6 58. Rh7+ Kg5 59. Rbd7 Nxg3+ 60. Ke3 Nf5+ 61. Ke2 Kf4 62. Rhf7 Qf3+ 63. Kf1 Kg3 64. Rd3 Ne3+ 65. Ke1 Qxf7 66. Rxe3+ Kf4 67. Rc3 Kg5 68. Ke2 Qe6+ 69. Kf1 h4 70. b4 Kh5 71. Rd3 g5 72. Kg2 Qe5 73. Rd7 Qg3+ 74. Kf1 Qxa3 75. Rh7+ Kg6 76. Rb7 Qc1+ 77. Ke2 Qc4+ 78. Ke1 g4 0-1

[Event "GEO-chT Club"]
[Site "Ureki"]
[Date "2014.09.28"]
[Round "2.4"]
[White "Arabidze, Meri"]
[Black "Kasoshvili, Tsiala"]
[Result "1-0"]
[WhiteElo "2411"]
[BlackElo "2161"]
[PlyCount "104"]
[EventDate "2014.09.27"]
[EventType "team-tourn"]
[EventRounds "7"]
[EventCountry "GEO"]
[SourceTitle "CBM 162 Extra"]
[Source "ChessBase"]
[SourceDate "2014.10.17"]
[SourceVersion "1"]
[SourceVersionDate "2014.10.17"]
[SourceQuality "1"]
[WhiteTeam "Kutaisi"]
[BlackTeam "Gori"]
[WhiteTeamCountry "GEO"]
[BlackTeamCountry "GEO"]

1. d4 Nf6 2. c4 e6 3. Nf3 b6 4. a3 Bb7 5. Nc3 d6 6. d5 e5 7. e4 g6 8. Bd3 Bg7 9. 0-0 0-0 10. b4 Nbd7 11. Qc2 h6 12. Nd2 Nh5 13. g3 Bf6 14. Nb3 Bg5 15. c5 dxc5 16. bxc5 c6 17. cxb6 axb6 18. dxc6 Bxc6 19. Nb5 Nc5 20. Nxc5 bxc5 21. Bb2 Qe7 22. a4 Rfc8 23. Bc4 Ng7 24. f4 exf4 25. Qc3 Qf8 26. gxf4 Bd8 27. Nd6 Rc7 28. f5 g5 29. a5 Kh7 30. e5 f6 31. Rad1 Nh5 32. e6 Rca7 33. a6 Nf4 34. Rf2 Rb8 35. Rfd2 Ba4 36. Ra1 Bc6 37. Ba3 Bb6 38. Nf7 Qe7 39. Bb2 Kg7 40. Ne5 Be8 41. Ng4 Nh5 42. Rad1 Bc7 43. Qh3 Bd8 44. Bc3 Kf8 45. Ne3 Qc7 46. Nd5 Qg7 47. Rg2 Rc8 48. Rb1 Qh7 49. Qg4 Rg7 50. h3 Ra7 51. Rgb2 Ng7 52. Rb7 Raa8 1-0

[Event "WchT Seniors 50"]
[Site "Vilnius"]
[Date "2014.07.20"]
[Round "8.1"]
[White "Kasoshvili, Tsiala"]
[Black "Dambrauskas, Virginijus A"]
[Result "0-1"]
[WhiteElo "2144"]
[BlackElo "2277"]
[PlyCount "56"]
[EventDate "2014.07.13"]
[EventType "team-swiss"]
[EventRounds "9"]
[EventCountry "LTU"]
[SourceTitle "CBM 161 Extra"]
[Source "ChessBase"]
[SourceDate "2014.08.29"]
[SourceVersion "1"]
[SourceVersionDate "2014.08.29"]
[SourceQuality "1"]
[WhiteTeam "Georgia (W)"]
[BlackTeam "Lithuania"]
[WhiteTeamCountry "GEO"]
[BlackTeamCountry "LTU"]

1. d4 Nf6 2. Nf3 e6 3. g3 c5 4. Bg2 Nc6 5. c4 d5 6. 0-0 dxc4 7. Qa4 Bd7 8. dxc5 Na5 9. Qa3 b6 10. b4 cxb3 11. axb3 Bxc5 12. b4 Be7 13. Qb2 Nc4 14. Qb3 b5 15. Nc3 Qb6 16. Ne5 Rc8 17. Nxd7 Nxd7 18. Rd1 Rc7 19. Bf4 Rc8 20. Ra2 Bf6 21. Ne4 e5 22. Bc1 Be7 23. Nc3 Nf6 24. Bg5 Ng4 25. Bxe7 Qxf2+ 26. Kh1 Nce3 27. Rg1 Nxg2 28. Rxg2 Qf1+ 0-1

[Event "WchT Seniors 50"]
[Site "Vilnius"]
[Date "2014.07.19"]
[Round "7.3"]
[White "Pavlovicius, Vladimir"]
[Black "Kasoshvili, Tsiala"]
[Result "1-0"]
[WhiteElo "2191"]
[BlackElo "2144"]
[PlyCount "43"]
[EventDate "2014.07.13"]
[EventType "team-swiss"]
[EventRounds "9"]
[EventCountry "LTU"]
[SourceTitle "CBM 161 Extra"]
[Source "ChessBase"]
[SourceDate "2014.08.29"]
[SourceVersion "1"]
[SourceVersionDate "2014.08.29"]
[SourceQuality "1"]
[WhiteTeam "Lithuania Maccabi"]
[BlackTeam "Georgia (W)"]
[WhiteTeamCountry "LTU"]
[BlackTeamCountry "GEO"]

1. d4 g6 2. c3 Bg7 3. Bg5 d6 4. Nd2 c6 5. e4 Nd7 6. f4 Qc7 7. Ngf3 Ngf6 8. Bd3 h6 9. Bxf6 Nxf6 10. 0-0 Nh5 11. Nh4 e5 12. dxe5 dxe5 13. f5 Nf4 14. fxg6 fxg6 15. Bc4 Qd6 16. g3 Bf6 17. Qb3 Rf8 18. a4 Bh3 19. Qxb7 Rd8 20. Nb3 h5 21. gxf4 Bxh4 22. fxe5 1-0